Pro adserenda Hispanorum eruditione / (Record no. 180086)

MARC details
000 -LEADER
campo de control de longitud fija 01342nam a2200289 i 4500
001 - NÚMERO DE CONTROL
campo de control 180086
003 - IDENTIFICADOR DE NÚMERO DE CONTROL
campo de control ES-MaACL
005 - FECHA Y HORA DE LA ÚLTIMA TRANSACCIÓN
campo de control 20250407181511.0
008 - DATOS DE LONGITUD FIJA--INFORMACIÓN GENERAL
campo de control de longitud fija 120416s1943 sp | |||||||| | spa d
080 ## - NÚMERO DE LA CLASIFICACIÓN DECIMAL UNIVERSAL
Número de la Clasificación Decimal Universal 821.124 García Matamoros, Alfonso 7 De asserenda Hispanorum eruditione.07
100 1# - ENTRADA PRINCIPAL--NOMBRE DE PERSONA
Nombre de persona García Matamoros, Alfonso.
9 (RLIN) 54922
245 10 - MENCIÓN DEL TÍTULO
Título Pro adserenda Hispanorum eruditione /
Mención de responsabilidad, etc. Alfonso García Matamoros ; edición, estudio, traducción y notas de José López de Toro.
246 35 - FORMA VARIANTE DEL TITULO
Título propio/Titulo breve Apología en defensa de la cultura hispana
246 34 - FORMA VARIANTE DEL TITULO
Título propio/Titulo breve Apología "pro adserenda Hispanorum eruditione"
260 ## - PUBLICACIÓN, DISTRIBUCIÓN, ETC.
Lugar de publicación, distribución, etc. Madrid :
Nombre del editor, distribuidor, etc. [s.n.],
Fecha de publicación, distribución, etc. 1943 (
Lugar de fabricación/manufactura Burgos :
Fabricante Imp. Aldecoa)
300 ## - DESCRIPCIÓN FÍSICA
Extensión 275 p. ;
Dimensiones 25 cm.
490 1# - MENCIÓN DE SERIE
Mención de serie Anejos de la "Revista de filología española" ;
Designación de volumen o secuencia 28
504 ## - NOTA DE BIBLIOGRAFÍA, ETC.
Nota de bibliografía, etc. Bibliografía: p. [237]-241.
546 ## - NOTA DE IDIOMA
Nota de lengua/lenguaje Port. adicional en español.
546 ## - NOTA DE IDIOMA
Nota de lengua/lenguaje Texto en latín y traducción en español; estudio crítico en español.
594 ## - Nota al título y mención de responsabilidad
Nota al título y mención de responsabilidad Precede al tít.: Consejo Superior de Investigaciones Científicas, Patronato Menéndez y Pelayo, Instituto "Antonio de Nebrija"
700 1# - ENTRADA AGREGADA--NOMBRE PERSONAL
Nombre de persona López de Toro, José,
Fechas asociadas al nombre 1897-1972
9 (RLIN) 73594
710 2# - ENTRADA AGREGADA--NOMBRE DE ENTIDAD CORPORATIVA
Nombre de entidad corporativa o nombre de jurisdicción como elemento de entrada Instituto Antonio de Nebrija.
9 (RLIN) 4795
830 1# - PUNTO DE ACCESO ADICIONAL DE SERIE-TÍTULO UNIFORME
Título uniforme Anejos de la "Revista de filología española" ;
Designación de volumen o secuencia 28
9 (RLIN) 191161
852 4# - LOCALIZACIÓN
Ubicación ES-MaACL
Número de control de estantería E-15375
Holdings
Estatus retirado Estado de pérdida Estado de daño No para préstamo Biblioteca de origen Biblioteca actual Ubicación en estantería Fecha de adquisición Fuente de adquisición Total de préstamos Signatura topográfica completa Código de barras Visto por última vez Precio de reemplazo Tipo de ítem Koha
        Biblioteca del Ateneo de Madrid Biblioteca del Ateneo de Madrid Depósito 2 16/04/2012     E-15375 1189220 23/02/2023 23/02/2023 Libro impreso